[Event "LUX-ch U18"]
[Site "Bonnevoie"]
[Date "2000.02.29"]
[Round "4"]
[White "Sequeira, Ivo"]
[Black "Degano, Steve"]
[Result "0-1"]
[WhiteElo "1350"]
[BlackElo "1222"]
[PlyCount "84"]
[EventDate "2000.02.26"]
[EventType "swiss"]
[EventRounds "7"]
[EventCountry "LUX"]
[SourceTitle "EXT 2005"]
[Source "ChessBase"]
[SourceDate "2004.11.15"]
[SourceVersion "1"]
[SourceVersionDate "2004.11.15"]
[SourceQuality "1"]

1. e4 e5 2. Nf3 Nc6 3. d4 exd4 4. Nxd4 Nxd4 5. Qxd4 Nf6 6. Bg5 Be7 7. Bh4 0-0 8. Nc3 Ng4 9. Bg3 Bf6 10. Qd3 Re8 11. f3 Ne5 12. Qb5 c6 13. Qb3 d5 14. 0-0-0 Be6 15. Qxb7 Rb8 16. Qxa7 Re7 17. Qc5 Nd7 18. Qxc6 Rc8 19. Qb5 Bxc3 20. bxc3 Rxc3 21. Qb2 Qc8 22. Kb1 Nf6 23. Be5 Rb7 24. Bxc3 Rxb2+ 25. Bxb2 Qb8 26. Kc1 dxe4 27. Kb1 h6 28. Ba6 Nd5 29. Ka1 Ne3 30. Rd2 Qb6 31. a3 Qxa6 32. Kb1 Nc4 33. Rd4 Qb6 34. Rxc4 Bxc4 35. fxe4 Qf2 36. g3 Qg2 37. Rd1 Qxh2 38. Rd4 Qg1+ 39. Bc1 Qxd4 40. Bb2 Qxe4 41. a4 g5 42. a5 Bb5 0-1

[Event "LUX-ch U18"]
[Site "Bonnevoie"]
[Date "2000.02.28"]
[Round "3"]
[White "Pflaum, Pascal"]
[Black "Sequeira, Ivo"]
[Result "1-0"]
[WhiteElo "1600"]
[BlackElo "1350"]
[PlyCount "53"]
[EventDate "2000.02.26"]
[EventType "swiss"]
[EventRounds "7"]
[EventCountry "LUX"]
[SourceTitle "EXT 2005"]
[Source "ChessBase"]
[SourceDate "2004.11.15"]
[SourceVersion "1"]
[SourceVersionDate "2004.11.15"]
[SourceQuality "1"]

1. e4 e5 2. Nf3 Nc6 3. d4 exd4 4. Bc4 Nf6 5. 0-0 Bc5 6. e5 Ng4 7. Bxf7+ Kxf7 8. Ng5+ Kg6 9. Qxg4 d6 10. Ne6+ Kf7 11. Nxd8+ Nxd8 12. Qf3+ Ke7 13. Bg5+ Ke8 14. Re1 Ne6 15. exd6 Bxd6 16. Nd2 Rf8 17. Qh5+ Rf7 18. Qxh7 Be7 19. Bxe7 Kxe7 20. Qh4+ Rf6 21. Ne4 Bd7 22. Nxf6 gxf6 23. Qh7+ Kd6 24. c3 d3 25. Qxd3+ Ke7 26. Qh7+ Kd6 27. Rad1+ 1-0